Multispectral satellite image understanding : (Record no. 19843)
[ view plain ]
| 000 -LEADER | |
|---|---|
| fixed length control field | 01460cam a22003375a 4500 |
| 001 - CONTROL NUMBER | |
| control field | 16780386 |
| 005 - DATE AND TIME OF LATEST TRANSACTION | |
| control field | 20150812131334.0 |
| 008 - FIXED-LENGTH DATA ELEMENTS--GENERAL INFORMATION | |
| fixed length control field | 110516t2011 enka frb 001 0 eng d |
| 020 ## - INTERNATIONAL STANDARD BOOK NUMBER | |
| International Standard Book Number | 9780857296665 (hdbk. : acidfree paper) |
| 020 ## - INTERNATIONAL STANDARD BOOK NUMBER | |
| International Standard Book Number | 0857296663 (hdbk. : acidfree paper) |
| 020 ## - INTERNATIONAL STANDARD BOOK NUMBER | |
| International Standard Book Number | 9780857296672 |
| 020 ## - INTERNATIONAL STANDARD BOOK NUMBER | |
| International Standard Book Number | 0857296671 |
| 040 ## - CATALOGING SOURCE | |
| Original cataloging agency | YDXCP |
| Language of cataloging | eng |
| Transcribing agency | YDXCP |
| Modifying agency | NUI |
| -- | BTCTA |
| -- | CDX |
| -- | DEBBG |
| -- | UKMGB |
| -- | MUU |
| -- | VRC |
| -- | DLC |
| -- | EG-ScBUE |
| 082 04 - DEWEY DECIMAL CLASSIFICATION NUMBER | |
| Classification number | 621.36780285 |
| Item number | UNS |
| Edition number | 22 |
| 100 1# - MAIN ENTRY--PERSONAL NAME | |
| Personal name | Unsalan, Cem. |
| 245 10 - TITLE STATEMENT | |
| Title | Multispectral satellite image understanding : |
| Remainder of title | from land classification to building and road detection / |
| Statement of responsibility, etc | Cem Ünsalan, Kim L Boyer. |
| 260 ## - PUBLICATION, DISTRIBUTION, ETC. (IMPRINT) | |
| Place of publication, distribution, etc | London : |
| Name of publisher, distributor, etc | Springer, |
| Date of publication, distribution, etc | c.2011. |
| 300 ## - PHYSICAL DESCRIPTION | |
| Extent | xvii, 185 p. : |
| Other physical details | ill. (some col.) ; |
| Dimensions | 24 cm. |
| 490 1# - SERIES STATEMENT | |
| Series statement | Advances in computer vision and pattern recognition, |
| International Standard Serial Number | 2191-6586 |
| 500 ## - GENERAL NOTE | |
| General note | Index : p. 183-185. |
| 504 ## - BIBLIOGRAPHY, ETC. NOTE | |
| Bibliography, etc | Includes bibliographical references. |
| 505 0# - FORMATTED CONTENTS NOTE | |
| Formatted contents note | Pt. 1. Sensors -- Pt. 2. The Multispectral information -- Pt. 3. Land use classification -- Pt. 4. Extracting residential regions -- Pt. 5. Building and road detection -- Pt. 6. Summarizing the overall system. |
| 650 #0 - SUBJECT ADDED ENTRY--TOPICAL TERM | |
| Topical term or geographic name as entry element | Remote-sensing images. |
| Source of heading or term | BUEsh |
| 9 (RLIN) | 23396 |
| 650 #0 - SUBJECT ADDED ENTRY--TOPICAL TERM | |
| Topical term or geographic name as entry element | Remote sensing. |
| Source of heading or term | BUEsh |
| 651 ## - SUBJECT ADDED ENTRY--GEOGRAPHIC NAME | |
| Source of heading or term | BUEsh |
| 653 ## - INDEX TERM--UNCONTROLLED | |
| Resource For college | Informatics and Computer Science |
| Arrived date list | June2015 |
| -- | August2015 |
| 655 ## - INDEX TERM--GENRE/FORM | |
| Form subdivision | |
| -- | 34232 |
| 700 1# - ADDED ENTRY--PERSONAL NAME | |
| Personal name | Boyer, Kim L. |
| 830 #0 - SERIES ADDED ENTRY--UNIFORM TITLE | |
| Uniform title | Advances in computer vision and pattern recognition. |
| 942 ## - ADDED ENTRY ELEMENTS (KOHA) | |
| Source of classification or shelving scheme | Dewey Decimal Classification |
| Call number prefix | 621.36780285 UNS |
| Withdrawn status | Lost status | Source of classification or shelving scheme | Damaged status | Not for loan | Koha collection | Home library | Current library | Shelving location | Date acquired | Source of acquisition | Cost, normal purchase price | Serial Enumeration / chronology | Total Checkouts | Full call number | Barcode | Date last seen | Cost, replacement price | Koha item type |
|---|---|---|---|---|---|---|---|---|---|---|---|---|---|---|---|---|---|---|
| Dewey Decimal Classification | Alahram | Central Library | Central Library | First floor | 23/06/2015 | 696.00 | 311 | 621.36780285 UNS | 000038700 | 15/07/2025 | 870.00 | Book - Borrowing |